000 00979nas a2200277 4500
001 BR8706008
003 BR-BrBNA
005 20231205090830.0
007 ta
008 230509b bl.|||p| |||| 00| 00por d
040 _aBR-BrBNA
_bpor
_cBiblioteca Nacional de Agricultura
041 _a(Pt)
072 _aF30; H20
100 1 _aLopes, M.E.B.M.
100 1 _aKimati, H.
245 1 _aAvaliacao da resistencia de genotipos de girassol (Helianthus annuus L.)a Macrophomina phaseolina (Tass.)Goid. no estadio de plantulas
246 1 _aEvaluation of the resistance of sunflower seedling genotypes (Helianthus annuus L.)to Macrophomina phaseolina (Tass.)Goid.
650 _aGIRASSOL
650 _aGENOTIPO
650 _aVARIEDADE RESISTENTE
650 _aFUNGO
650 _aPLANTULA
773 0 _tSumma Phytopathologica (Brazil)
_xISSN 0100-5405
_g(Jan-Jun 1987), v. 13(1-2) p. 133-141
_wBR8706008
909 _a202311
_bLúcia
_c55
_dLúcia Elande
942 _2AGRIS
_n0
_cANA
999 _c121127
_d121127